Central Library OPAC University of Rajshahi

কোরআনের সুস্পষ্ট আয়াতসমূহ যা এ কিতাবের আসল অংশ / (Record no. 78512)

MARC details
000 -LEADER
fixed length control field 00833nam a2200217 a 4500
001 - CONTROL NUMBER
control field 78512
003 - CONTROL NUMBER IDENTIFIER
rucl marc code BD-RjUL
005 - DATE AND TIME OF LATEST TRANSACTION
control field 20211209083134.0
008 - FIXED-LENGTH DATA ELEMENTS--GENERAL INFORMATION
fixed length control field 210929s2020 bg ||||| |||| 00| 0 ben d
035 ## - SYSTEM CONTROL NUMBER
System control number (BD-RjUL)78738
040 ## - CATALOGING SOURCE
Original cataloging agency BD-RjUL
Language of cataloging eng
Transcribing agency BD-RjUL
041 ## - LANGUAGE CODE
Language code of text/sound track or separate title ben
082 ## - DEWEY DECIMAL CLASSIFICATION NUMBER
Edition number 23
Classification number 297.12259144
Author mark and year AHK 2020
100 ## - MAIN ENTRY--PERSONAL NAME
Personal name আহমেদ, এম ইউ
9 (RLIN) 248701
245 10 - TITLE STATEMENT
Title কোরআনের সুস্পষ্ট আয়াতসমূহ যা এ কিতাবের আসল অংশ /
Statement of responsibility, etc. এম ইউ আহমেদ
260 ## - PUBLICATION, DISTRIBUTION, ETC. (IMPRINT)
Place of publication, distribution, etc. ঢাকা :
Name of publisher, distributor, etc. র‌্যামন পাবলিশার্স,
Date of publication, distribution, etc. ২০২০০০০০
300 ## - PHYSICAL DESCRIPTION
Pagination ১৯১ পৃ.;
Size ২২ সেমি.
650 ## - SUBJECT ADDED ENTRY--TOPICAL TERM
Topical term or geographic name as entry element কোরআন (বাংলা)
9 (RLIN) 248702
Topical term or geographic name as entry element Qur'an (Bengali )
9 (RLIN) 248703
942 ## - ADDED ENTRY ELEMENTS (KOHA)
Source of classification or shelving scheme Dewey Decimal Classification
Koha item type Books
Holdings
Lost status Source of classification or shelving scheme Damaged status Not for loan Collection code Permanent Location Current Location Shelving location Date acquired Source of acquisition Cost, normal purchase price Total Checkouts Full call number Date last seen Date checked out Copy number Koha item type
  Dewey Decimal Classification     Non-fiction Central Library, University of Rajshahi Central Library, University of Rajshahi   26/09/2021 Author 400.00 2 B 297.12259144 AHK 2020 06/12/2023 22/11/2023 C-2 Books
  Dewey Decimal Classification   Not For Loan Non-fiction Central Library, University of Rajshahi Central Library, University of Rajshahi Reading Room 26/09/2021 Author 400.00   B 297.12259144 AHK 2020 29/09/2021   C-1 Books